Southville International School and Colleges
Your cart is empty.
  • Cart
  • Lists
    Public lists Eva Luna New books Lux_list list_1
    Your lists Log in to create your own lists
  • Log in to your account
  • Your cookies
  • Search history
Southville International School and Colleges
  • Advanced search
  • Recent comments
  • Most popular
  • Libraries

Log in to your account

Log in with GOOGLE


If you do not have an external account, but do have a local account, you can still log in:

  1. Home
  2. MARC view: The Diwan of Abu'l-Ala
Normal view MARC view ISBD view

The Diwan of Abu'l-Ala (Record no. 242341)

[ view plain ]
MARC details
000 -LEADER
fixed length control field 00706cam a22002413a 4500
001 - CONTROL NUMBER
control field 13086
003 - CONTROL NUMBER IDENTIFIER
control field PGUSA
005 - DATE AND TIME OF LATEST TRANSACTION
control field 20140828083301.0
008 - FIXED-LENGTH DATA ELEMENTS--GENERAL INFORMATION
fixed length control field 040802s2004||||xxu|||||s|||||000 p eng d
040 ## - CATALOGING SOURCE
Original cataloging agency PGUSA
Language of cataloging eng
042 ## - AUTHENTICATION CODE
Authentication code dc
050 #4 - LIBRARY OF CONGRESS CALL NUMBER
Classification number PJ
100 1# - MAIN ENTRY--PERSONAL NAME
Personal name Abu al-Ala al-Maarri,
Dates associated with a name 973-1057
245 14 - TITLE STATEMENT
Title The Diwan of Abu'l-Ala
Medium [electronic resource] /
Statement of responsibility, etc Abu al-Ala al-Maarri
260 ## - PUBLICATION, DISTRIBUTION, ETC. (IMPRINT)
Name of publisher, distributor, etc Project Gutenberg,
Date of publication, distribution, etc 2004
506 ## - RESTRICTIONS ON ACCESS NOTE
Terms governing access Public domain in the USA.
516 ## - TYPE OF COMPUTER FILE OR DATA NOTE
Type of computer file or data note Electronic text
653 ## - INDEX TERM--UNCONTROLLED
Uncontrolled term Arabic poetry -- Translations into English
700 1# - ADDED ENTRY--PERSONAL NAME
Personal name Baerlein, Henry,
Dates associated with a name 1875-1960
830 #0 - SERIES ADDED ENTRY--UNIFORM TITLE
Uniform title Project Gutenberg
Volume number/sequential designation 13086
856 40 - ELECTRONIC LOCATION AND ACCESS
Uniform Resource Identifier <a href="http://www.gutenberg.org/ebooks/13086">http://www.gutenberg.org/ebooks/13086</a>
942 ## - ADDED ENTRY ELEMENTS (KOHA)
Koha item type eBooks
Holdings
Withdrawn status Lost status Damaged status Home library Current library Date acquired Total Checkouts Date last seen Price effective from Koha item type
      Project Gutenberg Project Gutenberg 08/28/2014   08/28/2014 08/28/2014 eBooks

The Diwan of Abu'l-Ala

APA

Abu al-Ala al-Maarri, Baerlein H., . (2004). The Diwan of Abu'l-Ala. : Project Gutenberg.

Chicago

Abu al-Ala al-Maarri, Baerlein Henry, . 2004. The Diwan of Abu'l-Ala. : Project Gutenberg.

Harvard

Abu al-Ala al-Maarri, Baerlein H., . (2004). The Diwan of Abu'l-Ala. : Project Gutenberg.

MLA

Abu al-Ala al-Maarri, Baerlein Henry, . The Diwan of Abu'l-Ala. : Project Gutenberg. 2004.

  • Place hold
  • Print
  • Cite
  • Add to your cart (remove)
  • Save record
    BIBTEX Dublin Core MARCXML MARC (non-Unicode/MARC-8) MARC (Unicode/UTF-8) MARC (Unicode/UTF-8, Standard) MODS (XML) RIS
  • More searches
    Search for this title in:
    Other Libraries (WorldCat) Other Databases (Google Scholar) Online Stores (Bookfinder.com) Open Library (openlibrary.org)

Exporting to Dublin Core...

SOUTHVILLE LIBRARY

Southville International School and Colleges Library

1281 Tropical Ave. Cor. Luxembourg St., BF Homes International, Las Pinas City

Tel. No. 8256374 / 252358 Loc. 117/146

Powered by Koha